Normal view
MARC view
Entry Personal Name
001 - CONTROL NUMBER
- control field: 49268
003 - CONTROL NUMBER IDENTIFIER
- control field: dpl
005 - DATE AND TIME OF LATEST TRANSACTION
- control field: 20120618123458.0
008 - FIXED-LENGTH DATA ELEMENTS
- fixed length control field: 120618|||a|||||| | ||| d
040 ## - CATALOGING SOURCE
- Original cataloging agency: dpl
- Transcribing agency: dpl
100 ## - HEADING--PERSONAL NAME
- Personal name: Shehryar Fazli
670 ## - SOURCE DATA FOUND
- Source citation: Work cat.: (dpl)66402: Shehryar Fazli, Invitation /, 2011
670 ## - SOURCE DATA FOUND
- Source citation: Work cat.: (dpl)66402: Shehryar Fazli, Invitation /, 2011
